zpět

Detail výsledku týmu

U Lucerny ST, Brno

Datum a čas kvízu

44.5 Celkem bodů Celkový počet nahraných bodů na tomto kvízu bez doplňovacích otázek.
1. Pořadí na kvízu Konečné umístění týmu na tomto kvízu.

Zaznamenané odpovědi

# Otázka Odpověď Body Výsledky
1. Aktuální popularity čínské zub... Jana Maláčová 1
2. Kontroverzní projekt výstavby... C) penis 1
3. „Vaše učitelka angličtiny a vá... Taylor Swift; Travis Kelce 1
4. Ve čtvrtek oznámili vědci z Pa... Osudy dobrého vojáka Švejka (za světové války) 1
5. Ve středu byl ve čtyřech evrop... v basketbalu 1
6. Jak se nazývá věda, která se z... adiktologie 1
7. V dnešní době se hodně mluví o... A) netolismus 0
8. Na fotografii vidíte asi nejzn... Katka, Helena Třeštíková 0.5
9. Při léčbě některých závislostí... C 1
10. Téma zakončíme u knih. Holky n... Ivona Březinová 0